Missing Word: 2000s Movies A-Z Quiz Stats

Quiz Updated Jun 8, 2015

Challenge
Share
Tweet
Embed
Score 0/26 Timer 03:00
5 Plays Today
Hint Answer % Correct
____ Me If You CanCatch
98.9%
____ Fu PandaKung
98.6%
____ at the MuseumNight
98.2%
Mamma ____!Mia
97.6%
Legally ____Blonde
97.5%
My Big Fat ____ WeddingGreek
96.5%
Thank ____ for SmokingYou
96.5%
The ____ KnightDark
96%
The Day After ____Tomorrow
95.2%
Bridget ____'s DiaryJones
94.6%
No Country for ____ MenOld
94.2%
There ____ Be BloodWill
94.2%
Moulin ____!Rouge
94%
Hint Answer % Correct
Little Miss ____Sunshine
92.9%
The Hurt ____Locker
89.6%
Crouching Tiger, ____ DragonHidden
88.1%
V for ____Vendetta
88%
The Bourne ____Ultimatum
83.9%
____ of SolaceQuantum
81.9%
____'s LabyrinthPan
81.7%
____ Sunshine of the Spotless MindEternal
81.5%
Letters from ____ JimaIwo
79.1%
____: The Last StandX-Men
77.9%
Almost ____Famous
75.9%
Spirited ____Away
71.8%
The Life Aquatic with Steve ____Zissou
45.3%

Today's Daily Dose

Word Ladder
'90s Movies

Quick Pick
'Fire' Movies

On This Day
June 19th II

You're not logged in!

Compare scores with friends on all Sporcle quizzes.
Join for Free
OR
Log In

You Might Also Like...

Show Comments

Extras

Top Quizzes Today


Score Distribution

Your Account Isn't Verified!

In order to create a playlist on Sporcle, you need to verify the email address you used during registration. Go to your Sporcle Settings to finish the process.

Report this User

Report this user for behavior that violates our Community Guidelines.

Details: